000 00290nam a22001337a 4500
008 171107b xxu||||| |||| 00| 0 eng d
020 _a9780471456667
041 _aeng
080 _29TH
_a330.322
100 _a63
101 _aINV
245 _aINVESTMENTS
_cJONES,CH.P
942 _2udc
_cBK
999 _c38121
_d38121